Đau khớp = Knee Joint Pain
Sách gồm các phần: Liệu pháp đối chứng, Châm cứu, Phương pháp chữa trị bệnh theo y học cổ truyền Ấn Độ (Ayurveda), Liệu pháp vi lượng đồng căn, Liệu pháp tự nhiên và Unani.
Đã lưu trong:
| Príomhúdar: | |
|---|---|
| Formáid: | Leabhar |
| Teanga: | Undetermined |
| Foilsithe: |
Thành phố Hồ Chí Minh
Tổng hợp Thành phố Hồ Chí Minh
2004
|
| Ábhair: | |
| Clibeanna: |
Cuir Clib Leis
Gan Chlibeanna, Bí ar an gcéad duine leis an taifead seo a chlibeáil!
|
| Thư viện lưu trữ: | Trung tâm Học liệu Trường Đại học Cần Thơ |
|---|
| LEADER | 00922nam a2200217Ia 4500 | ||
|---|---|---|---|
| 001 | CTU_226416 | ||
| 008 | 210402s9999 xx 000 0 und d | ||
| 082 | |a 617.472 | ||
| 082 | |b R165 | ||
| 100 | |a Ramaiah, Savitri | ||
| 245 | 0 | |a Đau khớp = | |
| 245 | 0 | |b Knee Joint Pain | |
| 245 | 0 | |c Savitri Ramaiah ; Ưng Tiếu, Tạ Văn Hùng (dịch) | |
| 260 | |a Thành phố Hồ Chí Minh | ||
| 260 | |b Tổng hợp Thành phố Hồ Chí Minh | ||
| 260 | |c 2004 | ||
| 520 | |a Sách gồm các phần: Liệu pháp đối chứng, Châm cứu, Phương pháp chữa trị bệnh theo y học cổ truyền Ấn Độ (Ayurveda), Liệu pháp vi lượng đồng căn, Liệu pháp tự nhiên và Unani. | ||
| 650 | |a Joints,Khớp | ||
| 650 | |x Diseases,Bệnh | ||
| 910 | |b vtbtruc | ||
| 980 | |a Trung tâm Học liệu Trường Đại học Cần Thơ | ||